| 000 | 00434nam a22001817a 4500 | ||
|---|---|---|---|
| 003 | koha_MIRAKIL | ||
| 005 | 20231213095501.0 | ||
| 008 | 231213b |||||||| |||| 00| 0 ||| d | ||
| 020 | _b978-9-75406542-8 | ||
| 040 |
_aTR-IsEVY _btur _cTR-IsEVY |
||
| 082 | _a900 TAN/B | ||
| 100 | _aTANÖR, BÜLENT. | ||
| 245 | 0 | _aBUGÜNKÜ TÜRKİYE 1980-2003. | |
| 260 |
_bCem, _c2011 |
||
| 300 | _a408. | ||
| 650 | _aTarih. | ||
| 942 |
_2ddc _cBK |
||
| 999 |
_c4387 _d4387 |
||